000
00373nam a2200133Ia 4500
008
151001s9999||||xx |||||||||||||| ||und||
100
_a
वि वि गोखले
245
_a
अध्यात्म कथा कलश
250
_a
1
260
_b
अंजली प्रकाशन पुणे
260
_c
1990
300
_a
187
365
_b
18
999
_c
968410
_d
968407